• 首页
  • 本馆介绍
  • 公告通知
  • 最新文献
  • 馆藏检索
  • 电子资源
  • 读者导购
  • 参考咨询
  • 我的图书馆
  • 登录
  • 详细信息显示
  • 放入我的书架
  • 预约/预借图书
  • 作者相关作品
  • 分类相关作品
  • 丛书相关作品
  • 出版社相关作品

书目信息

  • 表格格式
  • 工作单格式
  • 卡片格式
题名:
电动力学习题汇编
    
 
作者: 韦克施秦因 编 ;汪镇藩 , 郑锡琏 译
分册:  
出版信息: 北京   人民教育出版社  1981
页数: 268页
开本: 21cm
丛书名:
单 册:
中图分类: O442-44
科图分类:
主题词: 电动力学--习题
电子资源:
ISBN:
000 00860nam0 2200265 45
001 0181005125
005 20060731102524.90
010    @dCNY1.10
091    @a13012.0654
100    @a19950615d1981 emky0chiy0121 ea
101 1  @achi@crus
102    @aCN@b110000
105    @ay z 000yy
200 10 @a电动力学习题汇编@Adian dong li xue xi ti hui bian@f(苏)Е·Г·韦克施秦因编@F(su)Е·Г·wei ke shi qin yin bian@g汪镇藩,郑锡琏译
210    @a北京@c人民教育出版社@d1981
215    @a268页@d21cm
510 1  @aСборник задач по электродинамике@zrus
606    @a电动力学@x习题
690    @aO442-44@v3
701  0 @a韦克施秦因@Awei ke shi qin yin@4编
702  0 @a汪镇藩@Awang zhen fan@4译
702  0 @a郑锡琏@Azheng xi lian@4译
801  2 @aCN@bNLC@c20060731
801  0 @aCN@b上海图书馆@c20060722
905    @dO442-44@e2
    
    电动力学习题汇编/(苏)Е·Г·韦克施秦因编/汪镇藩,郑锡琏译.-北京:人民教育出版社,1981
    268页;21cm
    
    
    ISBN :CNY1.10
    
●
相关链接 在E读中查询图书 在五车中查询图书 在当当中查询图书 在豆瓣中查询图书


正题名:电动力学习题汇编     索取号:O442-44/2         预约/预借

序号 登录号 条形码 馆藏地/架位号 状态 备注
1 0094935   001456481   第三借阅区/ [索取号:O442-44/2] 在馆    
2 0094936   001943482   第三借阅区/ [索取号:O442-44/2] 在馆    
3 0094938   001456506   第三借阅区/ [索取号:O442-44/2] 在馆    
4 0094939   001456472   第二样本阅览室/ [索取号:O442-44/2] 在馆    
5 0421392   204213920   密集书库/ [索取号:O442-44/2] 在馆    
6 0434059   204340597   密集书库/ [索取号:O442-44/2] 在馆    
7 0438132   204381329   密集书库/ [索取号:O442-44/2] 在馆    
唐山师范学院图书馆 欢迎您!
大连网信软件有限公司© 版权所有